00291nam a2200121Ia 4500008004100000100002200041245003800063260002300101300000900124650001400133942000700147999001500154190216s9999||||xx |||||||||||||| ||und|| aEdward E Burgoyne 0aShort Course In Organic Chemistry bMcgraw -hillc1985 a527p aChemistry cBK c2674d2674